Transportation engineering and planning

Guardat en:
Dades bibliogràfiques
Autors principals: Papacostas, Constantinos S. (Autor), Prevedouros, Panos D (Autor)
Format: Llibre
Idioma:anglès
Publicat: Upper Saddle River Prentice Hall 2001
Edició:3a. ed
Matèries:
Etiquetes: Afegir etiqueta
Sense etiquetes, Sigues el primer a etiquetar aquest registre!

MARC

LEADER 00000nam a2200000 a 4500
001 UCN9185
003 CL-VaPUC
008 011130e20010000us |||||||||||||||||eng|d
082 0 4 |a 629.04  |b PAP  |2 21 
100 |a Papacostas, Constantinos S.  |e author  |9 465673 
700 0 |a Prevedouros, Panos D  |e author  |9 465674 
245 1 0 |a Transportation engineering and planning 
250 |a 3a. ed 
300 |a 685 p 
942 |c BK 
945 |d 20011130 00:00:00  |a vberengu 
260 |a Upper Saddle River  |b Prentice Hall  |c 2001 
650 7 |a INGENIERIA DEL TRANSPORTE  |2 CL-VaPUC  |9 439493 
650 7 |a PLANIFICACION DEL TRANSPORTE  |2 CL-VaPUC  |9 465675 
650 7 |a TRANSPORTE  |2 CL-VaPUC  |9 256365 
650 0 |a Transportes aéreos  |9 260842 
650 7 |a TRANSPORTE DEL AGUA  |2 CL-VaPUC  |9 442927 
650 7 |a TRANSPORTE TERRESTRE  |2 CL-VaPUC  |9 465676 
650 0 |a Vehículos   |9 348061 
583 |a last modification  |c 20171205 12:48:20  |k Rodrigo Vera 
999 |c 298707  |d 298705 
952 |0 0  |1 0  |4 0  |6 629_040000000000000_PAP_2001  |7 0  |8 A  |9 354495  |a BIBING  |b BIBING  |d 2019-11-21  |i 378035K  |o 629.04 PAP 2001  |p 378035K  |r 2025-01-20  |w 2019-11-21  |y BK  |k TRA 
952 |0 0  |1 0  |4 0  |6 629_040000000000000_PAP_2001  |7 0  |8 A  |9 354496  |a BIBING  |b BIBING  |d 2019-11-21  |i 3780368  |o 629.04 PAP 2001  |p 3780368  |r 2025-01-20  |w 2019-11-21  |y BK  |k TRA 
952 |0 0  |1 0  |4 0  |6 629_040000000000000_PAP_2001  |7 0  |8 A  |9 354497  |a BIBING  |b BIBING  |d 2019-11-21  |i 3860876  |o 629.04 PAP 2001  |p 3860876  |r 2025-01-20  |w 2019-11-21  |y BK  |k TRA